Klimatická charakteristika roku 2003 v Nitre Číslo 13

Bibliographic Details
Main Authors: Repa, Štefan (Author), Šiška, Bernard, 1959- (Author)
Corporate Author: Slovenská poľnohospodárska univerzita v Nitre. Fakulta záhradníctva a krajinného inžinierstva. Katedra biometeorológie a hydrológie (Author)
Format: Book
Language:Slovak
PhysicalDescription:22 s. tab., grafy 30 cm
Published: Nitra [Slovenská poľnohospodárska univerzita] 2004
ISBN:8080693846
Edition:1. vyd.
Subjects:

MARC

LEADER 00000nam a2200000 a 4500
001 vtls001483014
003 SK-MaSNL
005 20260301225358.0
008 240313s2004 xo a 0 slo
015 |a SNBE2004/04-02099 
020 |a 8080693846 
035 |a SNK000438310 
040 |a SNK  |b slo  |c SNK  |e AACR2 
043 |a e-xo--- 
044 |a xo  |c SK 
072 7 |a 551  |x Geológia. Meteorológia. Klimatológia  |2 konspekt 
080 |a 551.502.4(437.61)(083.6)  |2 2. slo 
080 |a 551.515  |2 1981 
080 |a 551.5  |2 1981 
080 |a 551.501  |2 1981 
080 |a 551.583  |2 1981 
080 |a (036)  |2 1981 
100 1 |a Repa, Štefan  |4 aut  |9 5744 
245 1 |a Klimatická charakteristika roku 2003 v Nitre  |n Číslo 13  |c Štefan Repa, Bernard Šiška 
250 |a 1. vyd. 
260 |a Nitra  |b [Slovenská poľnohospodárska univerzita]  |c 2004 
300 |a 22 s.  |b tab., grafy  |c 30 cm 
500 |a 80 výt. Nepredajné. Účelová publikácia 
648 7 |a 2003  |2 SNK  |9 301018 
650 0 7 |a klíma  |2 SNK  |9 834 
650 0 7 |a meteorológia  |2 SNK  |9 873 
650 0 7 |a meteorologické merania  |2 SNK  |9 69792 
651 7 |a 403  |2 SNK  |9 287051 
651 7 |a Nitra (Slovensko)  |2 SNK  |9 15714 
655 7 |a informačné publikácie  |2 SNK  |9 70181 
655 7 |a prehľady  |2 SNK  |9 70194 
655 7 |a informačné publikácie  |2 SNK  |9 70181 
700 1 |a Šiška, Bernard,  |d 1959-  |4 aut  |9 9169 
710 0 |a Slovenská poľnohospodárska univerzita v Nitre.  |b Fakulta záhradníctva a krajinného inžinierstva.  |b Katedra biometeorológie a hydrológie  |4 aut  |9 179122 
919 |a 80-8069-384-6 
999 |c 950679  |d 952609 
952 |t P60, <03>, [BOOK], {603}  |a SNK  |b SNK  |y PREZ  |7 0  |p 17A0444874  |o snkOSC 19906/2003  |i snkKSP 12985/2004  |0 0  |1 0  |4 0  |d 2004-10-06  |l 0  |r 2005-01-02 00:00:00  |w 2026-02-24 
952 |t P60, <04>, [BOOK], {604}  |a SNK  |b SNK  |y VYP  |7 0  |p 17A0444875  |o snkOSC 19906/2003 D1  |i snkKSP 12986/2004  |0 0  |1 0  |4 0  |d 2004-10-06  |l 0  |r 2005-01-02 00:00:00  |w 2026-02-24